000 00949nam a2200277Ia 4500
003 OSt
005 20220925224007.0
006 a|||||r|||| 00| 0
007 ta
008 220923b |||||||| |||| 00| 0 eng d
020 _a9781472464124
_c15049.65
037 _bBBS/134, 09/02/2018, Better Book Service
_cGeneral Book
040 _aRTL
_cRTL
_beng
041 _2eng
_aeng
082 _aU:(F:55):(G:55), Q7
100 _aBOUZAROVSKI Stefan
_9290682
245 0 _aROUTLEDGE RESEARCH companion to energy geographies
260 _aLondon
_bRoutledge
_c2017
300 _axxv,386p
_ccm.
500 _aBibliography: p 238-53
650 _aGeography
700 _a BROTO Vanesa Castan
_9290683
700 _a PASQUALETTI Martin J
_9290684
942 _hU:(F:55):(G:55), Q7
_cGB
_2CC
999 _c580782
_d580782